000
00230 a2200097 4500
001
51381
100
_a
Wilson C E
245
_a
Kinematics and Dynamics of Machinery
260
_a
New York
_b
Harper & Row
_c
090
_c
32571
_d
32571
942
_a
NUST-CAE
_c
M
_c
25082
999
_c
286454
_d
286454